Language Quiz

Random Language Quiz
Score 0/100 Timer 20:00
0 Plays Today
Hint Answer % Correct
acheterto buy
96.7%
en avionby plane
87.9%
bronzerto sunbathe
86.8%
la bibliothèquelibrary
85.7%
au bord de la merat the seaside
84.6%
la piscineswimming-pool
84.6%
les Etats-Unisusa
83.5%
en bateauby boat
82.4%
le magasinshop
80.2%
difficiledifficult
80.2%
nagerto swim
80.2%
l'eauwater
79.1%
en véloby bike
78%
trèsvery
78%
en voitureby car
76.9%
voyagerto travel
76.9%
les légumesvegetable
74.7%
je suis alléi went
73.6%
une semaineweek
72.5%
à la campagnein the countryside
71.4%
la nourriturefood
71.4%
ennuyeuxboring
71.4%
le petit déjeunerbreakfast
71.4%
cherexpensive
70.3%
je suis restéi stayed
69.2%
toujoursalways
68.1%
un moismonth
64.8%
la boulangeriebaker's shop
63.7%
tomberto fall
63.7%
la promenadewalk
62.6%
l'églisechurch
61.5%
en villein town
61.5%
ensuitenext
61.5%
génialgreat
61.5%
Hint Answer % Correct
la palgebeach
60.4%
le centre d'équitationhorse-riding centre
60.4%
la piste cyclablecycle path
60.4%
la boucheriebutcher's chop
60.4%
payerto pay
60.4%
le châteaucastle
59.3%
à piedon foot
59.3%
la fraisestrawberry
58.2%
le kayakkayaking
58.2%
le bruitnoise
58.2%
les sports d'hiverwinter sports
58.2%
le marchémarket
56%
à l'étrangerabroad
54.9%
la pêchefishing
53.8%
fatiganttiring
53.8%
aimer mieuxto prefer
52.7%
assezquite
52.7%
le bâtimentbuilding
51.6%
le romannovel
50.5%
marrantfunny
49.5%
l'auberge de jeunesseyouth hostel
48.4%
un billeta ticket
48.4%
mêmeeven
47.3%
trouverto find
46.2%
un gîteholiday home
46.2%
seulalone
44%
plus tardlater
42.9%
heureusementfortunately
41.8%
la station de skiski resort
40.7%
d'abordfirstly
40.7%
essayerto try
40.7%
découvrirto discover
39.6%
goûterto taste
39.6%
vraimentreally
39.6%
Hint Answer % Correct
logerto stay
38.5%
le rêvedream
38.5%
la colonie de vacancessummer camp
38.5%
la planche à voilewindsurfing
36.3%
pleuvoirto rain
36.3%
propreclean
36.3%
la patinoireice rink
35.2%
égalementequally
35.2%
enfinfinally
35.2%
espérerto hope
35.2%
d'habitudeusually
34.1%
quelle barbe!how boring
33%
la voilesailing
33%
puisthen
31.9%
l'inconvénientdisadvantage
31.9%
s'amuserto have fun
29.7%
louerto hire
28.6%
compterto count
28.6%
en plein airin the open air
25.3%
faire des achatsto do the shopping
25.3%
trop de mondetoo many people
24.2%
les loisirsleisures
23.1%
le voisinneighbour
22%
le moyen de transportmeans of transport
20.9%
le sièclecentury
20.9%
là-basover there
19.8%
la charcuteriedelicatessen
19.8%
déplacerto get around
15.4%
plein delots of
15.4%
partouteverywhere
14.3%
se reposerto rest
12.1%
ça me plaîti like it.it pleases me
12.1%
Remove Ads.
Support Sporcle.
Get the best of Sporcle when you Go Orange. This ad-free experience offers more features, more stats, and more fun while also helping to support Sporcle. Thank you for becoming a member.

You're not logged in!

Compare scores with friends on all Sporcle quizzes.
OR
Log In

Sporcle TV

Today on Sporcle TV


Watch our educational content, quiz creation guides, and fun videos on Sporcle TV.

Show Comments

Extras

Created Sep 25, 2017ReportNominate
Tags:gcse, tourism

Top Quizzes Today


Score Distribution

Paid Content

Your Account Isn't Verified!

In order to create a playlist on Sporcle, you need to verify the email address you used during registration. Go to your Sporcle Settings to finish the process.

Report this User

Report this user for behavior that violates our Community Guidelines.

Details: